| 000 | 00406nam a2200133Ia 4500 | ||
|---|---|---|---|
| 008 | 170419s9999 xx 000 0 und d | ||
| 100 | _aWang, Yingchen. | ||
| 245 | _aExploring job satisfaction of nursing faculty: theorethical approaches | ||
| 245 | _cYingcheng Wang & Judy Liesveld | ||
| 260 | _bElsevier | ||
| 260 | _c2015 | ||
| 300 | _aDecember 2015 | ||
| 440 |
_aJournal of Profesional Nursing _v31:6 |
||
| 999 |
_c329493 _d329493 |
||